[Event "Berlin Spring op-A"]
[Site "Berlin"]
[Date "2014.05.03"]
[Round "6"]
[White "Bjarnehag, Peter"]
[Black "Lundin, Jan"]
[Result "1/2-1/2"]
[WhiteElo "2166"]
[BlackElo "2331"]
[PlyCount "123"]
[EventDate "2014.05.01"]
[EventType "swiss"]
[EventRounds "7"]
[EventCountry "GER"]
[SourceTitle "CBM 160 Extra"]
[Source "ChessBase"]
[SourceDate "2014.07.01"]
[SourceVersion "1"]
[SourceVersionDate "2014.07.01"]
[SourceQuality "1"]

1. d4 d5 2. Nf3 Nf6 3. c4 dxc4 4. e3 e6 5. Bxc4 c5 6. 0-0 Nc6 7. dxc5 Qxd1 8. Rxd1 Bxc5 9. a3 Nd7 10. b4 Be7 11. Bb2 Bf6 12. Bxf6 Nxf6 13. Nc3 Ke7 14. Rd2 Rd8 15. Rxd8 Nxd8 16. Ne5 Nd7 17. Nxd7 Bxd7 18. Bd3 Rc8 19. Rc1 h6 20. Kf1 Bc6 21. f4 f6 22. g3 Nf7 23. Ke2 Nd6 24. Kd2 Rd8 25. Ke2 Be8 26. e4 Bc6 27. Ke3 g5 28. Ne2 Rg8 29. Nd4 gxf4+ 30. gxf4 Bd7 31. Nf3 Rg2 32. e5 Ne8 33. Rc2 Rxc2 34. Bxc2 Nc7 35. exf6+ Kxf6 36. Ne5 Nd5+ 37. Kd4 Be8 38. f5 Ne7 39. fxe6 Kxe6 40. Ng4 Nc6+ 41. Ke3 h5 42. Nf2 Ne5 43. Kf4 Bc6 44. Ne4 Nc4 45. Bb3 Kd5 46. Nd2 b5 47. a4 Kd4 48. axb5 Bxb5 49. Nxc4 Bxc4 50. Bd1 Bf7 51. Be2 Kc3 52. b5 Kb4 53. h4 Be8 54. Kg5 Bxb5 55. Bxh5 a5 56. Bf7 a4 57. h5 a3 58. h6 Bd3 59. Bg8 Bc2 60. Bf7 Bd3 61. Bg8 Bc2 62. Bf7 1/2-1/2

[Event "SWE-chT2 1314"]
[Site "Sweden"]
[Date "2013.11.22"]
[Round "1"]
[White "Bengtsson, Jonas"]
[Black "Bjarnehag, Peter"]
[Result "0-1"]
[WhiteElo "2096"]
[BlackElo "2164"]
[PlyCount "82"]
[EventDate "2013.11.22"]
[EventType "team-tourn"]
[EventRounds "9"]
[EventCountry "SWE"]
[SourceTitle "EXT 2015"]
[Source "ChessBase"]
[SourceDate "2014.11.20"]
[SourceVersion "1"]
[SourceVersionDate "2014.11.20"]
[SourceQuality "1"]
[WhiteTeam "Manhem II"]
[BlackTeam "Solna"]
[WhiteTeamCountry "SWE"]
[BlackTeamCountry "SWE"]

1. d4 c5 2. d5 g6 3. e4 Bg7 4. Nc3 a6 5. a4 d6 6. h3 Nf6 7. Nf3 0-0 8. Bc4 e6 9. 0-0 exd5 10. exd5 Re8 11. Bg5 h6 12. Bh4 Nbd7 13. Qd2 Nb6 14. Ba2 g5 15. Bg3 Bf5 16. a5 Nc8 17. Bc4 Ne4 18. Nxe4 Bxe4 19. Nh2 b5 20. axb6 Nxb6 21. Bxa6 Bxd5 22. c3 Qd7 23. f4 Bc4 24. Bxc4 Nxc4 25. Qf2 Rxa1 26. Rxa1 Qb7 27. fxg5 Qxb2 28. Qxb2 Nxb2 29. Bxd6 c4 30. Nf3 hxg5 31. Rc1 Nd3 32. Rc2 Bf6 33. Kh2 Ne1 34. Nxe1 Rxe1 35. g4 Re3 36. Bb4 Be5+ 37. Kg2 Rg3+ 38. Kf2 Rxh3 39. Re2 Bxc3 40. Re8+ Kh7 41. Be7 Bd4+ 0-1

[Event "Heart of Finland op 23rd"]
[Site "Jyvaskyla"]
[Date "2013.07.09"]
[Round "3"]
[White "Bjarnehag, Peter"]
[Black "Kivimaki, Jouko"]
[Result "1-0"]
[WhiteElo "2185"]
[BlackElo "1845"]
[PlyCount "90"]
[EventDate "2013.07.08"]
[EventType "swiss"]
[EventRounds "9"]
[EventCountry "FIN"]
[SourceTitle "CBM 155 Extra"]
[Source "ChessBase"]
[SourceDate "2013.08.26"]
[SourceVersion "1"]
[SourceVersionDate "2013.08.26"]
[SourceQuality "1"]

1. Nf3 Nf6 2. c4 g6 3. d4 Bg7 4. g3 0-0 5. Bg2 d6 6. Nc3 c6 7. 0-0 Qc7 8. h3 Nbd7 9. e4 b6 10. Re1 e5 11. b3 Bb7 12. Be3 c5 13. d5 a5 14. Qd2 Ba6 15. a4 Qd8 16. Rac1 Nh5 17. g4 Nf4 18. Bxf4 exf4 19. Qxf4 Ne5 20. Red1 Nxf3+ 21. Bxf3 Be5 22. Qe3 Qf6 23. Ne2 Bc8 24. Bg2 Ra7 25. f4 Bb2 26. Rc2 Re8 27. e5 dxe5 28. Rxb2 Rae7 29. Rbd2 exf4 30. Qxf4 Qh4 31. Qf2 Qxf2+ 32. Kxf2 Bd7 33. Ng3 f5 34. gxf5 gxf5 35. Nh5 Kf7 36. Nf4 Kf6 37. d6 Re5 38. Nd5+ Kf7 39. Nxb6 Rd8 40. Nxd7 Rxd7 41. Bc6 Rd8 42. Re2 Rxe2+ 43. Kxe2 Kf6 44. d7 Ke5 45. Kf3 h5 1-0

[Event "Berlin Werner Ott op"]
[Site "Berlin"]
[Date "2012.07.12"]
[Round "6"]
[White "Bjarnehag, Peter"]
[Black "Stern, Rene"]
[Result "0-1"]
[WhiteElo "2177"]
[BlackElo "2517"]
[PlyCount "90"]
[EventDate "2012.07.07"]
[EventType "swiss"]
[EventRounds "9"]
[EventCountry "GER"]
[SourceTitle "CBM 149 Extra"]
[Source "ChessBase"]
[SourceDate "2012.08.24"]
[SourceVersion "1"]
[SourceVersionDate "2012.08.24"]
[SourceQuality "1"]

1. Nf3 Nf6 2. c4 e6 3. g3 d5 4. d4 Be7 5. Bg2 0-0 6. 0-0 dxc4 7. Qc2 b5 8. a4 b4 9. Bg5 Ba6 10. Nbd2 b3 11. Qc1 Nc6 12. Nxc4 Rc8 13. Rd1 Nb4 14. Bxf6 Bxf6 15. Qc3 Nc2 16. Rac1 c5 17. Qxb3 Nxd4 18. Qd3 Qc7 19. Nxd4 cxd4 20. b3 Qb8 21. e3 Rfd8 22. exd4 Bxd4 23. Qf3 Bxc4 24. Rxc4 Rxc4 25. bxc4 Qb4 26. Bf1 g6 27. Rc1 Qb2 28. Re1 Bb6 29. Be2 Qc2 30. a5 Bxa5 31. Rd1 Rxd1+ 32. Bxd1 Qxc4 33. Kg2 Bb6 34. Qe2 Qc3 35. h4 Qd4 36. Ba4 a5 37. Bb5 Kg7 38. Qf3 e5 39. h5 gxh5 40. Bc6 Qg4 41. Qd5 Bd4 42. f3 Qg6 43. Be8 h4 44. g4 h5 45. Bd7 Qc2+ 0-1

[Event "Rheinland Pfalz op 4th"]
[Site "Altenkirchen"]
[Date "2012.06.09"]
[Round "6"]
[White "Bjarnehag, Peter"]
[Black "Syrov, Arkadi"]
[Result "1/2-1/2"]
[WhiteElo "2176"]
[BlackElo "1977"]
[PlyCount "34"]
[EventDate "2012.06.07"]
[EventType "swiss"]
[EventRounds "7"]
[EventCountry "GER"]
[SourceTitle "CBM 148 Extra"]
[Source "ChessBase"]
[SourceDate "2012.06.22"]
[SourceVersion "1"]
[SourceVersionDate "2012.06.22"]
[SourceQuality "1"]

1. Nf3 Nf6 2. c4 e6 3. g3 d5 4. d4 c6 5. Bg2 Nbd7 6. Nbd2 Bd6 7. 0-0 0-0 8. b3 b6 9. Qc2 Bb7 10. e4 Nxe4 11. Nxe4 dxe4 12. Qxe4 Nf6 13. Qe2 c5 14. dxc5 Bxc5 15. Bb2 Qe7 16. Ne5 Bxg2 17. Kxg2 Qc7 1/2-1/2

[Event "Rheinland Pfalz op 4th"]
[Site "Altenkirchen"]
[Date "2012.06.08"]
[Round "3"]
[White "Bjarnehag, Peter"]
[Black "Dgebuadze, Alexandre"]
[Result "0-1"]
[WhiteElo "2176"]
[BlackElo "2558"]
[PlyCount "82"]
[EventDate "2012.06.07"]
[EventType "swiss"]
[EventRounds "7"]
[EventCountry "GER"]
[SourceTitle "CBM 148 Extra"]
[Source "ChessBase"]
[SourceDate "2012.06.22"]
[SourceVersion "1"]
[SourceVersionDate "2012.06.22"]
[SourceQuality "1"]

1. Nf3 Nf6 2. c4 e6 3. g3 a6 4. Bg2 b5 5. 0-0 Bb7 6. Qb3 Nc6 7. d3 Na5 8. Qc2 c5 9. Bg5 Be7 10. Nbd2 d6 11. d4 cxd4 12. cxb5 axb5 13. Nxd4 Bxg2 14. Kxg2 Qb6 15. Qd3 Rb8 16. b4 Nc6 17. Nxc6 Qxc6+ 18. f3 0-0 19. Rfc1 Qd7 20. a3 h6 21. Be3 Nd5 22. Bf2 f5 23. e4 fxe4 24. Nxe4 Rf5 25. Rf1 Rbf8 26. Bg1 h5 27. Rae1 h4 28. Nc3 Nxc3 29. Qxc3 Rc8 30. Qb3 d5 31. Re2 Rc4 32. Rfe1 Rf6 33. Qd3 hxg3 34. hxg3 Kf7 35. Bd4 Rh6 36. Rh1 Rxh1 37. Kxh1 e5 38. Bg1 Bf6 39. Kg2 d4 40. Qh7 Qd5 41. Rc2 e4 0-1

[Event "Warsaw Najdorf Memorial op-A"]
[Site "Warsaw"]
[Date "2011.07.22"]
[Round "9"]
[White "Bjarnehag, Peter"]
[Black "Choroszej, Aleksander"]
[Result "1/2-1/2"]
[WhiteElo "2146"]
[BlackElo "2075"]
[PlyCount "54"]
[EventDate "2011.07.13"]
[EventType "swiss"]
[EventRounds "9"]
[EventCountry "POL"]
[SourceTitle "CBM 143 Extra"]
[Source "ChessBase"]
[SourceDate "2011.08.29"]
[SourceVersion "1"]
[SourceVersionDate "2011.08.29"]
[SourceQuality "1"]

1. Nf3 g6 2. d4 Bg7 3. c4 d6 4. Nc3 Nf6 5. g3 0-0 6. Bg2 Nc6 7. 0-0 a6 8. h3 Bd7 9. Bg5 h6 10. Be3 Rb8 11. Rc1 e6 12. Qd2 Kh7 13. d5 Ne7 14. g4 e5 15. Nh2 Nfg8 16. f3 f5 17. Bf2 Nf6 18. e4 fxe4 19. Nxe4 Nxe4 20. fxe4 g5 21. Ba7 Rxf1+ 22. Nxf1 Ra8 23. Be3 Ng6 24. Ng3 Nf4 25. Nf5 b6 26. Kh2 a5 27. b3 Bf6 1/2-1/2

[Event "Warsaw Najdorf Memorial op-A"]
[Site "Warsaw"]
[Date "2011.07.18"]
[Round "5"]
[White "Bjarnehag, Peter"]
[Black "Adamski, Andrzej"]
[Result "1/2-1/2"]
[WhiteElo "2146"]
[BlackElo "2269"]
[PlyCount "108"]
[EventDate "2011.07.13"]
[EventType "swiss"]
[EventRounds "9"]
[EventCountry "POL"]
[SourceTitle "CBM 143 Extra"]
[Source "ChessBase"]
[SourceDate "2011.08.29"]
[SourceVersion "1"]
[SourceVersionDate "2011.08.29"]
[SourceQuality "1"]

1. Nf3 d6 2. d4 g6 3. g3 Bg7 4. Bg2 Nf6 5. c4 c6 6. Nc3 Qa5 7. Qd2 Nbd7 8. 0-0 0-0 9. h3 Rb8 10. e4 e5 11. Re1 Qc7 12. b3 Re8 13. Bb2 a6 14. Rac1 Ra8 15. Ba3 Bf8 16. Red1 Qb8 17. dxe5 dxe5 18. Bxf8 Kxf8 19. Qh6+ Kg8 20. Ng5 Nf8 21. Rd3 Qc7 22. Rf3 Qe7 23. Rd1 Be6 24. Rfd3 Rad8 25. Nf3 Rxd3 26. Rxd3 N6d7 27. Qe3 f6 28. Rd1 Ra8 29. Qd2 a5 30. Qd6 Qxd6 31. Rxd6 Nc5 32. Bf1 Kf7 33. Ne1 Nfd7 34. Rd1 Ke7 35. f3 b6 36. Kf2 Rf8 37. Nc2 f5 38. exf5 gxf5 39. f4 Ne4+ 40. Nxe4 fxe4 41. Ke3 Nc5 42. Bg2 exf4+ 43. gxf4 Rg8 44. Bxe4 Nxe4 45. Kxe4 Bxh3 46. Nd4 Kf7 47. Rd2 Bg2+ 48. Ke3 Re8+ 49. Kf2 Be4 50. Nf3 Bxf3 51. Kxf3 Re1 52. Rd7+ Re7 53. Rd6 Re6 54. Rd7+ Re7 1/2-1/2